Kanadische Geographie auf der Karte - Statistiken

Allgemein
  • Dieses Quiz wurde 139 mal gespielt
  • Das Durchschnittsergebnis liegt bei 11 aus 30
Antworten auf der Karte
Die Antworten werden auf der Karte rot bzw. grün angezeigt, abhängig davon wie oft sie richtig erraten wurden.
 
Antwortstatistiken
Geographisches Element % Korrekt
Toronto
80%
Neufundland
78%
Montreal
74%
Vancouver Island
73%
Alberta
67%
Hudson Bay
60%
Yukon
60%
Obere See
58%
Huronsee
56%
Winnipegsee
51%
Baffininsel
49%
Manitoba
49%
Ottawa-Fluss
46%
Halifax
38%
Großer Bärensee
37%
Großer Sklavensee
35%
New Brunswick
34%
Victoria-Insel
33%
Prince Edward Island
32%
Sankt-Lorenz-Strom
26%
Yellowknife
21%
Banff
20%
Saskatoon
15%
Bay of Fundy
13%
Jasper
8%
Fraser River
3%
Kap-Breton-Insel
3%
Yoho
1%
Gwaii Haanas
0%
Nahanni
0%
Keine übereinstimmenden Quizze gefunden
Verteilung der Resultate
Anzahl Personen mit jedem Resultat
Perzentil nach korrekt beantworteten Fragen
Ihre Resultats-Entwicklung
Sie haben dieses Quiz noch nicht gespielt